L’Europe en automobile : (notice nᵒ 12916)
[ vue normale ]
| 000 -LEADER | |
|---|---|
| fixed length control field | 01706 a2200337 4500 |
| 001 - CONTROL NUMBER | |
| control field | OB-pus-2145 |
| 003 - CONTROL NUMBER IDENTIFIER | |
| control field | FrMaCLE |
| 005 - DATE AND TIME OF LATEST TRANSACTION | |
| control field | 20251214082808.0 |
| 007 - PHYSICAL DESCRIPTION FIXED FIELD--GENERAL INFORMATION | |
| fixed length control field | cu ||||||m|||| |
| 008 - FIXED-LENGTH DATA ELEMENTS--GENERAL INFORMATION | |
| fixed length control field | 190225e||||||||xx |||||s|||||||||0|fr|d |
| 020 ## - INTERNATIONAL STANDARD BOOK NUMBER | |
| International Standard Book Number | 979-10-344-0498-8 |
| 024 7# - OTHER STANDARD IDENTIFIER | |
| Standard number or code | 10.4000/books.pus.2145 |
| Source of number or code | doi |
| 040 ## - CATALOGING SOURCE | |
| Original cataloging agency | FR-FrMaCLE |
| 041 ## - LANGUAGE CODE | |
| Language code of text/sound track or separate title | fra |
| 100 1# - MAIN ENTRY--PERSONAL NAME | |
| Personal name | Reverzy, Éléonore |
| 245 12 - TITLE STATEMENT | |
| Title | L’Europe en automobile : |
| Remainder of title | Octave Mirbeau écrivain voyageur / |
| Statement of responsibility, etc. | Éléonore Reverzy, Guy Ducrey. |
| 260 ## - PUBLICATION, DISTRIBUTION, ETC. | |
| Place of publication, distribution, etc. | Strasbourg : |
| Name of publisher, distributor, etc. | Presses universitaires de Strasbourg, |
| Date of publication, distribution, etc. | 2019. |
| 300 ## - PHYSICAL DESCRIPTION | |
| Extent | 320 p. |
| 500 ## - GENERAL NOTE | |
| General note | Ebook |
| 520 ## - SUMMARY, ETC. | |
| Summary, etc. | Lorsqu'en 1907, Octave Mirbeau fait paraître La 628-E8, récit d'un voyage en automobile à travers l'Europe, il suscite aussitôt le scandale : un chapitre consacré à la mort de Balzac - qui sera retiré -, un éloge des Allemands, au moment où le patriotisme est devenu nationalisme, une célébration, futuriste, de la vitesse et de sa violence. S'achevant à Strasbourg, ce récit de voyage a réuni, cent ans après, à l'Université Marc-Bloch de Strasbourg, une trentaine de chercheurs, pour les uns spécialistes de Mirbeau, pour les autres, comparatistes ou historiens d'art. L'œuvre européenne de Mirbeau a ainsi trouvé sa place, à la frontière des pays et des genres. |
| 540 ## - TERMS GOVERNING USE AND REPRODUCTION NOTE | |
| Terms governing use and reproduction | OpenEdition Books License |
| Uniform Resource Identifier | <a href="https://www.openedition.org/12554">https://www.openedition.org/12554</a> |
| 650 #4 - SUBJECT ADDED ENTRY--TOPICAL TERM | |
| Topical term or geographic name entry element | Literature |
| Topical term or geographic name entry element | Europe |
| Topical term or geographic name entry element | littérature |
| Topical term or geographic name entry element | XXe siècle |
| Topical term or geographic name entry element | voyage |
| 700 1# - ADDED ENTRY--PERSONAL NAME | |
| Personal name | Ducrey, Guy |
| 760 0# - MAIN SERIES ENTRY | |
| International Standard Serial Number | 2679-1846 |
| 776 ## - ADDITIONAL PHYSICAL FORM ENTRY | |
| International Standard Book Number | 978-2-86820-382-3 |
| 856 4# - ELECTRONIC LOCATION AND ACCESS | |
| Data provenance | Reverzy, Éléonore |
| Uniform Resource Identifier | <a href="https://books.openedition.org/pus/2145">https://books.openedition.org/pus/2145</a> |
| Link text | L’Europe en automobile |
Pas d'exemplaire disponible.
